The dollar and the international monetary system (Record no. 541861)
[ view plain ]
| 000 -LEADER | |
|---|---|
| fixed length control field | 00548cam a2200169 4500 |
| 082 ## - DEWEY DECIMAL CLASSIFICATION NUMBER | |
| Classification number | 332.422 |
| Author Mark | HAN |
| -- | MCE, L-27, p-69 |
| 100 1# - MAIN ENTRY--PERSONAL NAME | |
| Personal name | Hansen, Alvin H. |
| 9 (RLIN) | 36911 |
| 245 14 - TITLE STATEMENT | |
| Title | The dollar and the international monetary system |
| Statement of responsibility, etc. | [by] Alvin H. Hansen. |
| 260 ## - PUBLICATION, DISTRIBUTION, ETC. | |
| Place of publication, distribution, etc. | New York, |
| Name of publisher, distributor, etc. | McGraw-Hill Book Co. |
| Date of publication, distribution, etc. | [1965] |
| 300 ## - PHYSICAL DESCRIPTION | |
| Extent | xxii, 290 p. |
| Dimensions | 23 cm. |
| 490 1# - SERIES STATEMENT | |
| Series statement | Economics handbook series |
| 526 ## - STUDY PROGRAM INFORMATION NOTE | |
| Program name | 0 |
| Interest level | 0 |
| Reading level | 0 |
| Title point value | 332_422000000000000_HAN |
| 650 #0 - SUBJECT ADDED ENTRY--TOPICAL TERM | |
| Topical term or geographic name entry element | Currency question. |
| 9 (RLIN) | 36912 |
| 650 #0 - SUBJECT ADDED ENTRY--TOPICAL TERM | |
| Topical term or geographic name entry element | Gold standard. |
| 9 (RLIN) | 36913 |
| 650 #7 - SUBJECT ADDED ENTRY--TOPICAL TERM | |
| Topical term or geographic name entry element | Moeda |
| 9 (RLIN) | 36914 |
| 942 ## - ADDED ENTRY ELEMENTS (KOHA) | |
| Source of classification or shelving scheme | |
| Koha item type | Book |
| Withdrawn status | Lost status | Source of classification or shelving scheme | Damaged status | Not for loan | Permanent Location | Current Location | Date acquired | Total Checkouts | Full call number | Barcode | Date last seen | Copy number | Price effective from | Koha item type |
|---|---|---|---|---|---|---|---|---|---|---|---|---|---|---|
| Military College of Engineering (MCE) | Military College of Engineering (MCE) | 09/05/2013 | 332.422 HAN | MCE-2842 | 09/05/2013 | 1 | 09/05/2013 | Book |
